Obálka Náhled e-knihy:
Epub
Pro půjčování e-knih musíte být přihlášeni.
Jak si půjčit online?

Jedenáct : neobyčejný deník obyčejné holky /

Deníkové vyprávění jedenáctileté Viktorie o kamarádkách, škole, ale i její rodině. Pro starší dívky.

Uloženo v:
Série:Viki, část 2
Hlavní autor: Myracle, Lauren, 1969- (Autor)
Další autoři: Senko Ohnisková, Vanda, 1966- (Autor)
Médium: E-kniha
Jazyk:Czech
Vydáno: Brno : Jota, 2009
Vydání:Vyd. 1.
Témata:
Příbuzné jednotky:Z cyklu:: Viki
Tagy:
Žádné tagy
LEADER 02483nam a2200481 a 4500
001 309127
003 CZ PrSKC
005 20260601215627.0
007 ta
008 100115s2009 xr a c 000 f cze
015 |a cnb002029170 
020 |a 9788072177073  |q (váz.)  |z 80-7217-707-3 
020 |a 978-80-7217-707-3  |q (dotisk 2011 ;  |q váz.) 
035 |a (OCoLC)551410238 
040 |a OLA001  |b cze  |d ABA001 
041 1 |a cze  |h eng 
072 7 |a 821.111(73)-3  |x Americká próza  |2 Konspekt 
072 7 |a 821-93  |x Literatura pro děti a mládež (beletrie)  |2 Konspekt 
080 |a 821-93  |2 MRF 
080 |a 821.111(73)-31  |2 MRF 
080 |a (0:82-31)  |2 MRF 
100 1 |a Myracle, Lauren,  |d 1969-  |7 xx0108697  |4 aut 
240 1 0 |a Eleven.  |l Česky 
245 1 0 |a Jedenáct :  |b neobyčejný deník obyčejné holky /  |c Lauren Myracleová ; [z anglického originálu ... přeložila Vanda Ohnisková] 
246 3 0 |a Neobyčejný deník obyčejné holky 
250 |a Vyd. 1. 
260 |a Brno :  |b Jota,  |c 2009 
300 |a 190 s. :  |b il. ;  |c 21 cm 
500 |a V r. 2011 dotisk 
520 2 |a Deníkové vyprávění jedenáctileté Viktorie o kamarádkách, škole, ale i její rodině. Pro starší dívky. 
520 2 |a S Viktorií se seznamujeme v den jejích 11. narozenin. Poznáváme také její rodiče, starší sestru Sandru i kamarádky Amandu, Chantelle, Luisu a Danu, která stojí vždy trochu stranou. Viktorie se musí vyrovnat s pubertálním chováním své sestry, s tím, že má pocit, že už si tolik se svou nejlepší kamarádkou nerozumí, s požadavky paní učitelky Jacobsonové a se spoustou dalších každodenních nesnází. 
655 7 |a americké romány  |7 fd131796  |2 czenas 
655 7 |a publikace pro děti  |7 fd133156  |2 czenas 
655 9 |a American fiction  |2 eczenas 
655 9 |a children's literature  |2 eczenas 
700 1 |a Senko Ohnisková, Vanda,  |d 1966-  |7 ola2004253786  |4 trl 
710 2 |a Nakladatelství Jota  |7 kn20120920011  |4 pbl 
787 0 8 |i Z cyklu:  |t Viki  |g 2 
900 |a ABA001  |b 18 
044 |a xr 
910 |a RBIT002 
998 |d 157311  |a https://core.palmknihy.cz/api/books/157311/cover?7d8pd7  |b https://core.palmknihy.cz/api/books/157311/cover/400?ayexmm  |c https://core.palmknihy.cz/api/books/157311/cover/50?n03gs7  |e 2029-11-13  |g 192  |i 9788072177073  |j https://core.palmknihy.cz/api/books/157311/preview.epub  |l   |q 49  |r 1  |s https://www.palmknihy.cz/kniha/157311  |t ebook  |y 2009  |z 0  |v Neobyčejný deník jedné obyčejné holky  |w 2 
999 |d 309125